<?xml version="1.0" encoding="UTF-8"?>
<record
    xmlns:xsi="http://www.w3.org/2001/XMLSchema-instance"
    xsi:schemaLocation="http://www.loc.gov/MARC21/slim http://www.loc.gov/standards/marcxml/schema/MARC21slim.xsd"
    xmlns="http://www.loc.gov/MARC21/slim">

  <leader>00737nam a22001337a 4500</leader>
  <datafield tag="040" ind1=" " ind2=" ">
    <subfield code="c">RUA</subfield>
  </datafield>
  <datafield tag="082" ind1=" " ind2=" ">
    <subfield code="a">FOR CHE 2013 B142 Or.1</subfield>
  </datafield>
  <datafield tag="100" ind1=" " ind2=" ">
    <subfield code="a">CHEAT, MEARDEY.</subfield>
  </datafield>
  <datafield tag="245" ind1=" " ind2=" ">
    <subfield code="a">Study on distribution of giant mimosa (mimosa pigra) at stueng sen core area kampong svay district kampong thom province, &#x179F;&#x17B7;&#x1780;&#x17D2;&#x179F;&#x17B6;&#x1796;&#x17B8;&#x1797;&#x17B6;&#x1796;&#x179A;&#x17B6;&#x1799;&#x1794;&#x17C9;&#x17B6;&#x1799;&#x179A;&#x1794;&#x179F;&#x17CB;&#x178A;&#x17BE;&#x1798;&#x1796;&#x17D2;&#x179A;&#x17C7;&#x1781;&#x17D2;&#x179B;&#x1794;&#x1799;&#x1780;&#x17D2;&#x179F;&#x1793;&#x17C5;&#x178F;&#x17C6;&#x1794;&#x1793;&#x17CB;&#x179F;&#x17D2;&#x1793;&#x17BC;&#x179B; &#x179F;&#x17D2;&#x1791;&#x17B9;&#x1784;&#x178F;&#x17D2;&#x179A;&#x17C2;&#x1784; &#x179F;&#x17D2;&#x179A;&#x17BB;&#x1780;&#x1780;&#x17C6;&#x1796;&#x1784;&#x17CB;&#x179F;&#x17D2;&#x179C;&#x17B6;&#x1799; &#x1781;&#x17C1;&#x178F;&#x17D2;&#x178F;&#x1780;&#x178E;&#x17D2;&#x178A;&#x17B6;&#x179B;</subfield>
  </datafield>
  <datafield tag="260" ind1=" " ind2=" ">
    <subfield code="a">Phnom Penh</subfield>
    <subfield code="b">RUA</subfield>
    <subfield code="c">2013</subfield>
  </datafield>
  <datafield tag="300" ind1=" " ind2=" ">
    <subfield code="a">xii; 48p.</subfield>
    <subfield code="b">ill.</subfield>
    <subfield code="c">29cm.</subfield>
  </datafield>
  <datafield tag="856" ind1=" " ind2=" ">
    <subfield code="u">https://drive.google.com/file/d/1G9B1nWzkkijwsVf4jxheZM78Rm1KApk6/view?usp=sharing</subfield>
  </datafield>
  <datafield tag="942" ind1=" " ind2=" ">
    <subfield code="c">FOR</subfield>
  </datafield>
  <datafield tag="999" ind1=" " ind2=" ">
    <subfield code="c">3427</subfield>
    <subfield code="d">3427</subfield>
  </datafield>
  <datafield tag="952" ind1=" " ind2=" ">
    <subfield code="0">0</subfield>
    <subfield code="1">0</subfield>
    <subfield code="2">ddc</subfield>
    <subfield code="4">0</subfield>
    <subfield code="6">FOR_CHE_2013_000000000000000_B142_OR_1</subfield>
    <subfield code="7">0</subfield>
    <subfield code="9">16318</subfield>
    <subfield code="a">LBB</subfield>
    <subfield code="b">LBB</subfield>
    <subfield code="c">B142</subfield>
    <subfield code="d">2015-11-14</subfield>
    <subfield code="o">FOR CHE 2013 B142 Or.1</subfield>
    <subfield code="p">RUA027317</subfield>
    <subfield code="r">2015-11-14</subfield>
    <subfield code="w">2015-11-14</subfield>
    <subfield code="y">FOR</subfield>
  </datafield>
  <datafield tag="952" ind1=" " ind2=" ">
    <subfield code="0">0</subfield>
    <subfield code="1">0</subfield>
    <subfield code="2">ddc</subfield>
    <subfield code="4">0</subfield>
    <subfield code="6">FOR_CHE_2013_000000000000000_B142_OR_2</subfield>
    <subfield code="7">0</subfield>
    <subfield code="9">16319</subfield>
    <subfield code="a">LBB</subfield>
    <subfield code="b">LBB</subfield>
    <subfield code="c">B142</subfield>
    <subfield code="d">2015-11-14</subfield>
    <subfield code="o">FOR CHE 2013 B142 Or.2</subfield>
    <subfield code="p">RUA027390</subfield>
    <subfield code="r">2015-11-14</subfield>
    <subfield code="w">2015-11-14</subfield>
    <subfield code="y">FOR</subfield>
  </datafield>
  <datafield tag="952" ind1=" " ind2=" ">
    <subfield code="0">0</subfield>
    <subfield code="1">0</subfield>
    <subfield code="2">ddc</subfield>
    <subfield code="4">0</subfield>
    <subfield code="6">FOR_CHE_2013_000000000000000_B142_OR_3</subfield>
    <subfield code="7">0</subfield>
    <subfield code="9">16320</subfield>
    <subfield code="a">LBB</subfield>
    <subfield code="b">LBB</subfield>
    <subfield code="c">B142</subfield>
    <subfield code="d">2015-11-14</subfield>
    <subfield code="o">FOR CHE 2013 B142 Or.3</subfield>
    <subfield code="p">RUA027104</subfield>
    <subfield code="r">2015-11-14</subfield>
    <subfield code="w">2015-11-14</subfield>
    <subfield code="y">FOR</subfield>
  </datafield>
  <datafield tag="952" ind1=" " ind2=" ">
    <subfield code="0">0</subfield>
    <subfield code="1">0</subfield>
    <subfield code="2">ddc</subfield>
    <subfield code="4">0</subfield>
    <subfield code="6">FOR_CHE_2013_000000000000000_B142_OR_4</subfield>
    <subfield code="7">0</subfield>
    <subfield code="9">16321</subfield>
    <subfield code="a">LBB</subfield>
    <subfield code="b">LBB</subfield>
    <subfield code="c">B142</subfield>
    <subfield code="d">2015-11-14</subfield>
    <subfield code="o">FOR CHE 2013 B142 Or.4</subfield>
    <subfield code="p">RUA027458</subfield>
    <subfield code="r">2015-11-14</subfield>
    <subfield code="w">2015-11-14</subfield>
    <subfield code="y">FOR</subfield>
  </datafield>
  <datafield tag="952" ind1=" " ind2=" ">
    <subfield code="0">0</subfield>
    <subfield code="1">0</subfield>
    <subfield code="2">ddc</subfield>
    <subfield code="4">0</subfield>
    <subfield code="6">FOR_CHE_2013_000000000000000_B142_OR_5</subfield>
    <subfield code="7">0</subfield>
    <subfield code="9">16322</subfield>
    <subfield code="a">LBB</subfield>
    <subfield code="b">LBB</subfield>
    <subfield code="c">B142</subfield>
    <subfield code="d">2015-11-14</subfield>
    <subfield code="o">FOR CHE 2013 B142 Or.5</subfield>
    <subfield code="p">RUA027030</subfield>
    <subfield code="r">2015-11-14</subfield>
    <subfield code="w">2015-11-14</subfield>
    <subfield code="y">FOR</subfield>
  </datafield>
  <datafield tag="952" ind1=" " ind2=" ">
    <subfield code="0">0</subfield>
    <subfield code="1">0</subfield>
    <subfield code="2">ddc</subfield>
    <subfield code="4">0</subfield>
    <subfield code="6">FOR_CHE_2013_000000000000000_B142_OR_6</subfield>
    <subfield code="7">0</subfield>
    <subfield code="9">16323</subfield>
    <subfield code="a">LBB</subfield>
    <subfield code="b">LBB</subfield>
    <subfield code="c">B142</subfield>
    <subfield code="d">2015-11-14</subfield>
    <subfield code="o">FOR CHE 2013 B142 Or.6</subfield>
    <subfield code="p">RUA027102</subfield>
    <subfield code="r">2015-11-14</subfield>
    <subfield code="w">2015-11-14</subfield>
    <subfield code="y">FOR</subfield>
  </datafield>
  <datafield tag="952" ind1=" " ind2=" ">
    <subfield code="0">0</subfield>
    <subfield code="1">0</subfield>
    <subfield code="2">ddc</subfield>
    <subfield code="4">0</subfield>
    <subfield code="6">FOR_CHE_2013_000000000000000_B142_OR_7</subfield>
    <subfield code="7">0</subfield>
    <subfield code="9">16324</subfield>
    <subfield code="a">LBB</subfield>
    <subfield code="b">LBB</subfield>
    <subfield code="c">B142</subfield>
    <subfield code="d">2015-11-14</subfield>
    <subfield code="o">FOR CHE 2013 B142 Or.7</subfield>
    <subfield code="p">RUA027174</subfield>
    <subfield code="r">2015-11-14</subfield>
    <subfield code="w">2015-11-14</subfield>
    <subfield code="y">FOR</subfield>
  </datafield>
  <datafield tag="952" ind1=" " ind2=" ">
    <subfield code="0">0</subfield>
    <subfield code="1">0</subfield>
    <subfield code="2">ddc</subfield>
    <subfield code="4">0</subfield>
    <subfield code="6">FOR_CHE_2013_000000000000000_B142_OR_8</subfield>
    <subfield code="7">0</subfield>
    <subfield code="9">16325</subfield>
    <subfield code="a">LBB</subfield>
    <subfield code="b">LBB</subfield>
    <subfield code="c">B142</subfield>
    <subfield code="d">2015-11-14</subfield>
    <subfield code="o">FOR CHE 2013 B142 Or.8</subfield>
    <subfield code="p">RUA027246</subfield>
    <subfield code="r">2015-11-14</subfield>
    <subfield code="w">2015-11-14</subfield>
    <subfield code="y">FOR</subfield>
  </datafield>
</record>
